| 000 | 00000nam##2200000za#4500 |
| 001 | 9.570386 |
| 003 | CaOODSP |
| 005 | 20210624182221 |
| 007 | cr ||||||||||| |
| 008 | 150406|2008||||xxc|||||o f|0| 0 eng|d |
| 040 | |aCaOODSP|beng |
| 043 | |an-cn--- |
| 086 | 1 |aIu182-1/2008-12E-PDF |
| 110 | 1 |aCanada. |bIndustry Canada. |bMicro-Economic Policy Analysis Branch. |
| 245 | 10|aFirm size and research and development expenditures : |h[electronic resource]|ba Canada-U.S. comparison / |c[by] Thitima Songsakul, Bernice Lau and Daniel Boothby. |
| 260 | |aOttawa - Ontario : |bIndustry Canada. |
| 300 | |a32p.|bgraphs, references, tables |
| 490 | 1 |aWorking paper series|v2008-12 |
| 546 | |a(Résumé en français.) |
| 590 | |a12-09-Supp|b2012-03-21 |
| 720 | 1 |aBoothby, Daniel |
| 720 | 1 |aSongsakul, Thitima |
| 720 | 1 |aLau, Bernice |
| 830 | #0|aWorking paper series ;|v2008-12|w(CaOODSP)9.504818 |
| 856 | 40|ahttp://publications.gc.ca|qPDF|s156 KB|uhttps://publications.gc.ca/collections/collection_2011/ic/Iu182-1-2008-12-eng.pdf|y2008-12 |
| 986 | |aIC 60501 |